MARC details
| 000 -LEADER |
| fixed length control field |
00947cam a2200217 4500 |
| 001 - CONTROL NUMBER |
| control field |
WB3846-18 |
| 008 - FIXED-LENGTH DATA ELEMENTS--GENERAL INFORMATION |
| fixed length control field |
021211n2002 000 0 eng u |
| 035 ## - SYSTEM CONTROL NUMBER |
| System control number |
(Sirsi) u120725 |
| 245 ## - TITLE STATEMENT |
| Title |
Tax scheme |
| 260 ## - PUBLICATION, DISTRIBUTION, ETC. |
| Date of publication, distribution, etc. |
2002 |
| 490 ## - SERIES STATEMENT |
| Series statement |
Construction News |
| Volume/sequential designation |
(6795) 5 November 2002, 1&2(2) |
| 520 ## - SUMMARY, ETC. |
| Summary, etc. |
The Inland Revenue releases a consultation document aimed at revamping the CIS tax scheme as it admits the system is too easy to defraud. Inland Revenue chiefs also pledged to speak to a greater number of small firms as part of its review after the organisation was accused of ignoring small contractors in favour of larger firms. For the consultation document: http://www.inlandrevenue.gov.uk/consult_new/cis_reform.pdf |
| 590 ## - LOCAL NOTE (RLIN) |
| Local note |
WB |
| 650 ## - SUBJECT ADDED ENTRY--TOPICAL TERM |
| Topical term or geographic name entry element |
INLAND REVENUE |
| 650 ## - SUBJECT ADDED ENTRY--TOPICAL TERM |
| Topical term or geographic name entry element |
CONSTRUCTION INDUSTRY SCHEME |
| 650 ## - SUBJECT ADDED ENTRY--TOPICAL TERM |
| Topical term or geographic name entry element |
FRAUD |
| 650 ## - SUBJECT ADDED ENTRY--TOPICAL TERM |
| Topical term or geographic name entry element |
CONSTRUCTION CONFEDERATION |
| 650 ## - SUBJECT ADDED ENTRY--TOPICAL TERM |
| Topical term or geographic name entry element |
TAX EFFICIENCY |
| 690 ## - LOCAL SUBJECT ADDED ENTRY--TOPICAL TERM (OCLC, RLIN) |
| Topical term or geographic name as entry element |
TAXATION |
| 942 ## - ADDED ENTRY ELEMENTS (KOHA) |
| Suppress in OPAC |
0 |